| 000 | 01878nam a2200433 i 4500 | ||
|---|---|---|---|
| 001 | 10474 | ||
| 003 | KOSZ 005 | ||
| 005 | 20200430144837.0 | ||
| 008 | s1968 pl f |000 0 pol d | ||
| 040 |
_cKOSZ 005 _aKOSZ 005 _dKOSZ 005/AR |
||
| 041 |
_apol _beng |
||
| 080 | _a 674.02/.07 | ||
| 080 | _a674.8 | ||
| 100 | 1 |
_aKontek, Wacław _eAutor |
|
| 245 | 0 |
_aBadania zmierzające do wytypowania najodpowiedniejszego złącza kątowego oraz ustalenia optymalnych wymiarów kołków i wpustek dla płyt wiórowych, paździerzowych i rzepakowych / _cWacław Kontek. |
|
| 260 |
_aPoznań : _bPaństwowe Wydawnictwo Naukowe, _c1968. |
||
| 300 |
_a36, [2] strony : _bilustracje ; _c24 cm. |
||
| 336 |
_aTekst _btxt _2rdacontent |
||
| 337 |
_aBez urządzenia pośredniczącego _bn _2rdamedia |
||
| 338 |
_aWolumin _bnc _2rdacarrier |
||
| 380 | _aKsiążki | ||
| 380 | _aPublikacje fachowe | ||
| 380 | _aPublikacje naukowe | ||
| 388 | _a1901-2000 | ||
| 388 | _a1945-1989 | ||
| 490 | 0 |
_aPrace Komisji Technologii Drewna / Poznańskie Towarzystwo Przyjaciół Nauk. Wydział Nauk Technicznych ; _v t. 1, z. 1 |
|
| 504 | _aBibliografia na stronach 33-34. | ||
| 546 | _aStreszczenie w języku angielskim. | ||
| 650 | _aPłyty drewnopochodne | ||
| 650 | _aPłyty paździerzowe | ||
| 650 | _aPłyty gipsowo-wiórowe | ||
| 650 | _aDrewno | ||
| 658 | _aInżynieria i technika | ||
| 710 | _aPoznańskie Towarzystwo Przyjaciół Nauk. Wydział Nauk Technicznych | ||
| 710 |
_4pbl _aPaństwowe Wydawnictwo Naukowe |
||
| 830 | 0 |
_aPrace Komisji Technologii Drewna - Poznańskie Towarzystwo Przyjaciół Nauk. Wydział Nauk Technicznych _v t. 1, z. 1 |
|
| 856 |
_uhttp://koha.tu.koszalin.pl/cgi-bin/koha/opac-detail.pl?biblionumber=10474 _yKatalog online BPK |
||
| 942 |
_cKS _2UKD |
||
| 999 |
_c10474 _d10474 |
||